[Event "RAPID Gran Prix 2016"]
[Site "Khanty-Mansiysk"]
[Date "2016.12.02"]
[Round "7.2"]
[White "Maletin, Pavel"]
[Black "Rublevsky, Sergei"]
[Result "1-0"]
[LiveChessVersion "1.4.4"]
[BlackElo "2718"]
[WhiteElo "2625"]

1. d4 {[%clk 0:15:18]} d5 {[%clk 0:15:19]} 2. c4 {[%clk 0:15:27]} c6
{[%clk 0:15:29]} 3. Nf3 {[%clk 0:15:35]} Nf6 {[%clk 0:15:37]} 4. Nc3
{[%clk 0:15:44]} dxc4 {[%clk 0:15:45]} 5. a4 {[%clk 0:15:53]} e6 {[%clk 0:15:53]}
6. e4 {[%clk 0:16:00]} Bb4 {[%clk 0:16:00]} 7. e5 {[%clk 0:16:09]} Nd5
{[%clk 0:16:08]} 8. Bd2 {[%clk 0:16:17]} b5 {[%clk 0:16:13]} 9. axb5
{[%clk 0:16:25]} Bxc3 {[%clk 0:16:22]} 10. bxc3 {[%clk 0:16:34]} cxb5
{[%clk 0:16:30]} 11. Ng5 {[%clk 0:16:43]} Nc6 {[%clk 0:16:26]} 12. Qh5
{[%clk 0:16:50]} Qe7 {[%clk 0:16:34]} 13. Be2 {[%clk 0:16:57]} b4
{[%clk 0:16:24]} 14. O-O {[%clk 0:17:04]} bxc3 {[%clk 0:15:53]} 15. Bc1
{[%clk 0:17:13]} Nxd4 {[%clk 0:14:13]} 16. Bxc4 {[%clk 0:17:18]} h6
{[%clk 0:13:54]} 17. Ne4 {[%clk 0:17:11]} O-O {[%clk 0:12:06]} 18. Bg5
{[%clk 0:15:25]} f6 {[%clk 0:06:52]} 19. exf6 {[%clk 0:08:31]} Qf7
{[%clk 0:06:57]} 20. Qd1 {[%clk 0:08:24]} hxg5 {[%clk 0:06:41]} 21. Qxd4
{[%clk 0:08:32]} gxf6 {[%clk 0:06:16]} 22. Rfe1 {[%clk 0:06:12]} Bd7
{[%clk 0:04:22]} 23. Nd6 {[%clk 0:05:20]} Qh7 {[%clk 0:03:29]} 24. Bxd5
{[%clk 0:05:16]} exd5 {[%clk 0:03:38]} 25. Qxd5+ {[%clk 0:05:22]} Kh8
{[%clk 0:03:46]} 26. Qc5 {[%clk 0:05:14]} c2 {[%clk 0:03:33]} 27. Rec1
{[%clk 0:05:02]} a5 {[%clk 0:02:38]} 28. Rxc2 {[%clk 0:04:54]} Ra6
{[%clk 0:02:44]} 29. Rcc1 {[%clk 0:03:38]} Rc6 {[%clk 0:02:37]} 30. Qa3
{[%clk 0:03:47]} Rxc1+ {[%clk 0:02:06]} 31. Rxc1 {[%clk 0:03:56]} Qe7
{[%clk 0:02:05]} 32. h4 {[%clk 0:03:32]} gxh4 {[%clk 0:01:50]} 33. Rc4
{[%clk 0:03:15]} Qe1+ {[%clk 0:01:53]} 34. Kh2 {[%clk 0:03:24]} Qe5+
{[%clk 0:01:24]} 35. f4 {[%clk 0:03:20]} Qh5 {[%clk 0:01:11]} 36. f5
{[%clk 0:02:29]} Rg8 {[%clk 0:00:48]} 37. Qh3 {[%clk 0:02:37]} Kg7
{[%clk 0:00:41]} 38. Rc7 {[%clk 0:01:51]} Kh8 39. Qc3 {[%clk 0:01:36]} h3
{[%clk 0:00:17]} 40. Qxf6+ Rg7 41. g4 {[%clk 0:00:25]} Qxg4 {[%clk 0:00:35]} 42.
Nf7+ {[%clk 0:00:34]} Kh7 {[%clk 0:00:39]} 43. Qh6+ {[%clk 0:00:21]} Kg8
{[%clk 0:00:48]} 44. Qh8+ {[%clk 0:00:30]} Kxf7 {[%clk 0:00:57]} 45. Rxd7+
{[%clk 0:00:39]} Kf6 {[%clk 0:01:06]} 46. Qf8+ {[%clk 0:00:41]} 1-0

[Event "RAPID Gran Prix 2016"]
[Site "Khanty-Mansiysk"]
[Date "2016.12.02"]
[Round "7.3"]
[White "Lysyj, Igor"]
[Black "Smirnov, Pavel"]
[Result "1/2-1/2"]
[LiveChessVersion "1.4.4"]
[BlackElo "2589"]
[WhiteElo "2625"]

1. d4 {[%clk 0:15:18]} d5 {[%clk 0:15:19]} 2. c4 {[%clk 0:15:26]} e6
{[%clk 0:15:27]} 3. Nf3 {[%clk 0:15:34]} Nf6 {[%clk 0:15:35]} 4. g3
{[%clk 0:15:42]} Be7 {[%clk 0:15:43]} 5. Bg2 {[%clk 0:15:51]} O-O
{[%clk 0:15:51]} 6. O-O {[%clk 0:15:58]} c6 {[%clk 0:16:00]} 7. b3
{[%clk 0:16:06]} b6 {[%clk 0:16:07]} 8. Bb2 {[%clk 0:16:14]} Bb7 {[%clk 0:16:08]}
9. Nc3 {[%clk 0:16:20]} Nbd7 {[%clk 0:16:16]} 10. Rc1 {[%clk 0:16:24]} Rc8
{[%clk 0:14:56]} 11. Re1 {[%clk 0:16:32]} Re8 {[%clk 0:14:24]} 12. Nd2
{[%clk 0:15:00]} c5 {[%clk 0:13:48]} 13. e3 {[%clk 0:14:55]} cxd4
{[%clk 0:13:00]} 14. exd4 {[%clk 0:15:03]} Nf8 {[%clk 0:13:05]} 15. Qe2
{[%clk 0:14:07]} Qd7 {[%clk 0:12:59]} 16. Nf3 {[%clk 0:13:49]} dxc4
{[%clk 0:12:18]} 17. bxc4 {[%clk 0:12:46]} Qc7 {[%clk 0:11:28]} 18. Nb5
{[%clk 0:09:48]} Qb8 {[%clk 0:11:32]} 19. Ne5 {[%clk 0:09:28]} Bxg2
{[%clk 0:11:26]} 20. Kxg2 {[%clk 0:09:36]} a6 {[%clk 0:10:04]} 21. Nc3
{[%clk 0:09:41]} Ng6 {[%clk 0:09:52]} 22. Nf3 {[%clk 0:09:02]} Qa8
{[%clk 0:08:49]} 23. Ne4 {[%clk 0:08:38]} 1/2-1/2

[Event "RAPID Gran Prix 2016"]
[Site "Khanty-Mansiysk"]
[Date "2016.12.02"]
[Round "7.4"]
[White "Volkov, Sergey"]
[Black "Yudin, Sergei"]
[Result "1/2-1/2"]
[LiveChessVersion "1.4.4"]
[BlackElo "2594"]
[WhiteElo "2626"]

1. d4 {[%clk 0:15:19]} d5 {[%clk 0:15:16]} 2. c4 {[%clk 0:15:27]} e6
{[%clk 0:15:24]} 3. Nf3 {[%clk 0:15:31]} c6 {[%clk 0:15:31]} 4. e3
{[%clk 0:15:35]} Bd6 {[%clk 0:15:39]} 5. b3 {[%clk 0:15:39]} f5 {[%clk 0:15:40]}
6. Bd3 {[%clk 0:15:28]} Nf6 {[%clk 0:15:47]} 7. O-O {[%clk 0:15:33]} Qe7
{[%clk 0:15:55]} 8. Bb2 {[%clk 0:15:29]} O-O {[%clk 0:16:01]} 9. Ne5
{[%clk 0:15:16]} Bd7 {[%clk 0:14:00]} 10. a3 {[%clk 0:14:47]} Be8
{[%clk 0:13:28]} 11. b4 {[%clk 0:14:31]} Nbd7 {[%clk 0:13:34]} 12. Nd2
{[%clk 0:14:22]} a5 {[%clk 0:11:41]} 13. c5 {[%clk 0:14:22]} Bc7 {[%clk 0:11:48]}
14. Qc2 {[%clk 0:12:58]} Ne4 {[%clk 0:08:37]} 15. Nb3 {[%clk 0:12:39]} a4
{[%clk 0:07:15]} 16. Nc1 {[%clk 0:12:44]} Qh4 {[%clk 0:04:14]} 17. f3
{[%clk 0:11:43]} Nef6 {[%clk 0:04:06]} 18. Ne2 {[%clk 0:11:15]} Qh6
{[%clk 0:04:07]} 19. Qd2 {[%clk 0:10:23]} g5 {[%clk 0:03:48]} 20. Rae1
{[%clk 0:10:03]} Bh5 {[%clk 0:03:34]} 21. Bc3 {[%clk 0:09:46]} Nxe5
{[%clk 0:02:29]} 22. dxe5 {[%clk 0:09:51]} Nd7 {[%clk 0:02:38]} 23. f4
{[%clk 0:08:07]} Bxe2 {[%clk 0:02:20]} 24. Rxe2 {[%clk 0:08:07]} b6
{[%clk 0:02:29]} 25. Bd4 {[%clk 0:06:59]} bxc5 {[%clk 0:01:46]} 26. bxc5
{[%clk 0:07:05]} g4 {[%clk 0:01:37]} 27. Rb1 {[%clk 0:06:39]} Rfb8
{[%clk 0:01:46]} 28. Rxb8+ {[%clk 0:06:44]} Rxb8 {[%clk 0:01:55]} 29. Bc2
{[%clk 0:06:42]} Qf8 {[%clk 0:02:04]} 30. Qc3 {[%clk 0:05:54]} Ra8
{[%clk 0:02:13]} 31. Bd1 {[%clk 0:05:29]} Bd8 {[%clk 0:01:46]} 32. Rb2
{[%clk 0:05:28]} Be7 {[%clk 0:01:49]} 33. Rb7 {[%clk 0:05:28]} Qc8
{[%clk 0:01:24]} 34. Rb4 {[%clk 0:05:12]} Qf8 {[%clk 0:01:33]} 35. Rxa4
{[%clk 0:04:56]} Rxa4 {[%clk 0:01:26]} 36. Bxa4 {[%clk 0:05:05]} Nxc5
{[%clk 0:01:35]} 37. Bxc5 {[%clk 0:04:07]} Bxc5 {[%clk 0:01:43]} 38. Bxc6
{[%clk 0:04:15]} Bxa3 {[%clk 0:01:05]} 39. Bd7 {[%clk 0:04:22]} Kf7
{[%clk 0:00:59]} 40. Qc6 {[%clk 0:04:09]} Qe7 {[%clk 0:01:04]} 41. Kf2
{[%clk 0:03:47]} Bb4 {[%clk 0:01:12]} 42. Ke2 {[%clk 0:03:43]} Ba5
{[%clk 0:01:18]} 43. g3 {[%clk 0:02:11]} Bd8 {[%clk 0:01:12]} 44. Kd1
{[%clk 0:01:38]} Bb6 {[%clk 0:01:13]} 45. Ke2 {[%clk 0:01:18]} Bd8
{[%clk 0:01:21]} 46. Bc8 {[%clk 0:01:15]} Ba5 {[%clk 0:01:04]} 47. Qa6
{[%clk 0:00:44]} Bd8 {[%clk 0:01:09]} 48. Kd3 {[%clk 0:00:41]} Bc7
{[%clk 0:01:04]} 49. Qc6 {[%clk 0:00:35]} Qa3+ {[%clk 0:00:51]} 50. Ke2
{[%clk 0:00:20]} 1/2-1/2

[Event "RAPID Gran Prix 2016"]
[Site "Khanty-Mansiysk"]
[Date "2016.12.02"]
[Round "7.5"]
[White "Alekseev, Evgeny"]
[Black "Maltsevskaya, Aleksandra"]
[Result "1-0"]
[LiveChessVersion "1.4.4"]
[BlackElo "2182"]
[WhiteElo "2652"]

1. e4 {[%clk 0:15:17]} g6 {[%clk 0:15:16]} 2. d4 {[%clk 0:15:24]} Bg7
{[%clk 0:15:23]} 3. Nf3 {[%clk 0:15:27]} d6 {[%clk 0:15:30]} 4. Nc3
{[%clk 0:15:11]} Nf6 {[%clk 0:15:35]} 5. Be2 {[%clk 0:15:09]} O-O
{[%clk 0:15:10]} 6. O-O {[%clk 0:15:15]} Nc6 {[%clk 0:15:12]} 7. d5
{[%clk 0:14:46]} Ne5 {[%clk 0:13:07]} 8. Nxe5 {[%clk 0:14:33]} dxe5
{[%clk 0:13:16]} 9. Be3 {[%clk 0:14:01]} e6 {[%clk 0:11:03]} 10. Qd2
{[%clk 0:14:07]} exd5 {[%clk 0:10:56]} 11. exd5 {[%clk 0:14:15]} Ng4
{[%clk 0:09:36]} 12. Bxg4 {[%clk 0:13:35]} Bxg4 {[%clk 0:09:44]} 13. f3
{[%clk 0:13:24]} Bf5 {[%clk 0:09:28]} 14. Rad1 {[%clk 0:12:59]} Qe7
{[%clk 0:09:15]} 15. Ne4 {[%clk 0:12:08]} Rfd8 {[%clk 0:08:40]} 16. c4
{[%clk 0:11:57]} a5 {[%clk 0:07:20]} 17. g4 {[%clk 0:09:15]} Bxe4
{[%clk 0:06:57]} 18. fxe4 {[%clk 0:09:23]} Qb4 {[%clk 0:06:19]} 19. b3
{[%clk 0:09:03]} b6 {[%clk 0:04:28]} 20. Kg2 {[%clk 0:08:15]} Qe7
{[%clk 0:04:07]} 21. h3 {[%clk 0:08:06]} Rd7 {[%clk 0:01:52]} 22. Rf3
{[%clk 0:07:58]} Re8 {[%clk 0:01:19]} 23. Rdf1 {[%clk 0:07:58]} Qb4
{[%clk 0:01:15]} 24. Qc2 {[%clk 0:06:41]} f6 {[%clk 0:01:00]} 25. h4
{[%clk 0:06:17]} h6 {[%clk 0:00:41]} 26. c5 {[%clk 0:04:40]} bxc5
{[%clk 0:00:31]} 27. Bxc5 {[%clk 0:04:48]} Qb5 {[%clk 0:00:34]} 28. Qc4
{[%clk 0:04:42]} Qxc4 {[%clk 0:00:26]} 29. bxc4 {[%clk 0:04:52]} Rb8
{[%clk 0:00:35]} 30. Rb3 {[%clk 0:04:56]} Rxb3 {[%clk 0:00:25]} 31. axb3
{[%clk 0:05:05]} Rd8 {[%clk 0:00:34]} 32. Ra1 {[%clk 0:04:50]} Rb8
{[%clk 0:00:29]} 33. Rxa5 {[%clk 0:04:36]} Rxb3 {[%clk 0:00:23]} 34. Ra8+
{[%clk 0:04:43]} Kf7 {[%clk 0:00:17]} 35. Ra7 {[%clk 0:04:45]} Rb2+
{[%clk 0:00:12]} 36. Kf3 {[%clk 0:04:28]} Rb3+ {[%clk 0:00:13]} 37. Ke2
{[%clk 0:04:31]} f5 {[%clk 0:00:15]} 38. Rxc7+ {[%clk 0:04:23]} Kg8
{[%clk 0:00:24]} 39. gxf5 {[%clk 0:04:02]} g5 {[%clk 0:00:26]} 40. hxg5
{[%clk 0:04:08]} hxg5 {[%clk 0:00:35]} 41. d6 {[%clk 0:04:10]} Bf6
{[%clk 0:00:28]} 42. d7 {[%clk 0:04:14]} g4 {[%clk 0:00:35]} 43. Rc6
{[%clk 0:04:08]} 1-0

[Event "RAPID Gran Prix 2016"]
[Site "Khanty-Mansiysk"]
[Date "2016.12.02"]
[Round "7.6"]
[White "Demidov, Mikhail"]
[Black "Bocharov, Dmitry"]
[Result "1/2-1/2"]
[LiveChessVersion "1.4.4"]
[BlackElo "2573"]
[WhiteElo "2514"]

1. d4 {[%clk 0:15:18]} Nf6 {[%clk 0:15:18]} 2. Nf3 {[%clk 0:15:26]} e6
{[%clk 0:15:26]} 3. c4 {[%clk 0:15:34]} b6 {[%clk 0:15:33]} 4. e3
{[%clk 0:15:43]} Bb7 {[%clk 0:15:31]} 5. Bd3 {[%clk 0:15:51]} d5 {[%clk 0:15:39]}
6. Nc3 {[%clk 0:15:38]} Nbd7 {[%clk 0:15:33]} 7. O-O {[%clk 0:15:33]} Bd6
{[%clk 0:15:24]} 8. Qe2 {[%clk 0:15:27]} O-O {[%clk 0:15:15]} 9. e4
{[%clk 0:15:13]} dxc4 {[%clk 0:15:10]} 10. Bxc4 {[%clk 0:15:20]} e5
{[%clk 0:15:18]} 11. d5 {[%clk 0:13:24]} a6 {[%clk 0:14:58]} 12. a3
{[%clk 0:13:00]} Qe7 {[%clk 0:14:06]} 13. Ba2 {[%clk 0:12:59]} Rfd8
{[%clk 0:11:30]} 14. Be3 {[%clk 0:12:56]} Nf8 {[%clk 0:11:11]} 15. Nd2
{[%clk 0:12:34]} Ng6 {[%clk 0:11:09]} 16. g3 {[%clk 0:11:39]} Bc8
{[%clk 0:11:06]} 17. f3 {[%clk 0:11:41]} Bd7 {[%clk 0:08:45]} 18. Rac1
{[%clk 0:11:03]} Bc5 {[%clk 0:08:14]} 19. Nd1 {[%clk 0:10:42]} Bxe3+
{[%clk 0:07:34]} 20. Nxe3 {[%clk 0:10:50]} Ne8 {[%clk 0:07:41]} 21. Bc4
{[%clk 0:10:01]} Nd6 {[%clk 0:07:37]} 22. Bd3 {[%clk 0:10:10]} Ra7
{[%clk 0:07:25]} 23. Rc3 {[%clk 0:10:03]} Qg5 {[%clk 0:06:21]} 24. Ng2
{[%clk 0:08:38]} Bh3 {[%clk 0:06:14]} 25. f4 {[%clk 0:05:50]} Qe7
{[%clk 0:05:49]} 26. f5 {[%clk 0:05:57]} Nf8 {[%clk 0:05:44]} 27. Rfc1
{[%clk 0:05:59]} Bxg2 {[%clk 0:05:38]} 28. Kxg2 {[%clk 0:06:07]} a5
{[%clk 0:05:27]} 29. Rc6 {[%clk 0:04:10]} h6 {[%clk 0:05:28]} 30. Nb1
{[%clk 0:03:15]} Nh7 {[%clk 0:05:26]} 31. Nc3 {[%clk 0:03:17]} Nf6
{[%clk 0:05:30]} 32. Nb5 {[%clk 0:03:15]} Nxb5 {[%clk 0:05:15]} 33. Bxb5
{[%clk 0:03:23]} Ne8 {[%clk 0:05:20]} 34. Rf1 {[%clk 0:02:10]} Nd6
{[%clk 0:04:48]} 35. Bd3 {[%clk 0:02:06]} f6 {[%clk 0:04:29]} 36. Rfc1
{[%clk 0:02:11]} Rb8 {[%clk 0:03:26]} 37. Qh5 {[%clk 0:01:45]} a4
{[%clk 0:03:16]} 38. Qe2 {[%clk 0:01:31]} b5 {[%clk 0:03:23]} 39. Qe1
{[%clk 0:01:17]} Kh7 {[%clk 0:03:12]} 40. Qb4 {[%clk 0:01:23]} Qd8
{[%clk 0:02:57]} 41. R1c2 {[%clk 0:01:20]} Rbb7 {[%clk 0:02:52]} 42. Rf2
{[%clk 0:00:28]} Qb8 {[%clk 0:02:38]} 43. Kf3 {[%clk 0:00:27]} Rb6
{[%clk 0:02:45]} 44. Rfc2 {[%clk 0:00:31]} Rxc6 {[%clk 0:02:49]} 45. Rxc6
{[%clk 0:00:32]} Rb7 {[%clk 0:02:58]} 46. Ke3 {[%clk 0:00:21]} Nc4+
{[%clk 0:01:56]} 47. Kf3 {[%clk 0:00:20]} Nd6 {[%clk 0:01:33]} 48. g4
{[%clk 0:00:21]} Kg8 {[%clk 0:01:05]} 49. h4 {[%clk 0:00:29]} Kf7
{[%clk 0:01:14]} 50. Qa5 {[%clk 0:00:23]} Ke7 {[%clk 0:01:11]} 51. Ra6
{[%clk 0:00:31]} Rb6 {[%clk 0:00:48]} 52. Rxb6 {[%clk 0:00:24]} cxb6
{[%clk 0:00:56]} 53. Qc3 {[%clk 0:00:33]} Qb7 {[%clk 0:00:55]} 54. Qc1
{[%clk 0:00:26]} Qd7 {[%clk 0:00:59]} 55. Ke3 {[%clk 0:00:23]} Kd8
{[%clk 0:01:07]} 56. Kd2 {[%clk 0:00:27]} Ke7 {[%clk 0:00:47]} 57. Qc3
{[%clk 0:00:33]} Kd8 {[%clk 0:00:54]} 58. Kc2 {[%clk 0:00:32]} Qa7
{[%clk 0:00:56]} 59. Qc6 {[%clk 0:00:35]} Qc7 {[%clk 0:01:05]} 60. Qxc7+
{[%clk 0:00:43]} Kxc7 {[%clk 0:01:13]} 61. Kc3 {[%clk 0:00:52]} Kb7
{[%clk 0:01:22]} 62. Kb4 {[%clk 0:00:59]} Ka6 {[%clk 0:01:31]} 63. h5
{[%clk 0:00:58]} Kb7 {[%clk 0:01:33]} 64. Bxb5 {[%clk 0:00:57]} Nxe4
{[%clk 0:01:41]} 65. Kxa4 {[%clk 0:00:57]} Kc7 {[%clk 0:01:46]} 66. Bc4
{[%clk 0:00:48]} Nd6 {[%clk 0:01:51]} 67. Be2 {[%clk 0:00:51]} Kb7
{[%clk 0:02:00]} 68. Kb4 {[%clk 0:00:50]} Kc7 {[%clk 0:02:09]} 69. a4
{[%clk 0:00:47]} Kb7 {[%clk 0:02:17]} 70. a5 {[%clk 0:00:43]} Ka7
{[%clk 0:02:26]} 71. Ka4 {[%clk 0:00:30]} Kb7 {[%clk 0:02:35]} 72. b4
{[%clk 0:00:39]} Ka7 {[%clk 0:02:43]} 73. Kb3 {[%clk 0:00:36]} Kb7
{[%clk 0:02:41]} 74. a6+ {[%clk 0:00:32]} 1/2-1/2

[Event "RAPID Gran Prix 2016"]
[Site "Khanty-Mansiysk"]
[Date "2016.12.02"]
[Round "7.8"]
[White "Sukhareva, Evgeniya"]
[Black "Riazantsev, Alexander"]
[Result "0-1"]
[LiveChessVersion "1.4.4"]
[BlackElo "2693"]
[WhiteElo "2306"]

1. d4 {[%clk 0:15:19]} Nf6 {[%clk 0:15:19]} 2. c4 {[%clk 0:15:28]} e6
{[%clk 0:15:28]} 3. Nc3 {[%clk 0:15:34]} Bb4 {[%clk 0:15:36]} 4. Qc2
{[%clk 0:15:42]} b6 {[%clk 0:15:42]} 5. e4 {[%clk 0:15:49]} c5 {[%clk 0:15:34]}
6. d5 {[%clk 0:15:20]} Qe7 {[%clk 0:15:15]} 7. Be2 {[%clk 0:14:08]} Bxc3+
{[%clk 0:15:01]} 8. bxc3 {[%clk 0:14:06]} d6 {[%clk 0:14:59]} 9. h3
{[%clk 0:11:00]} O-O {[%clk 0:12:20]} 10. Be3 {[%clk 0:10:02]} exd5
{[%clk 0:11:51]} 11. exd5 {[%clk 0:10:09]} b5 {[%clk 0:11:49]} 12. Rd1
{[%clk 0:09:41]} bxc4 {[%clk 0:11:19]} 13. Bxc4 {[%clk 0:09:48]} Nbd7
{[%clk 0:11:28]} 14. Bb5 {[%clk 0:09:00]} Nb6 {[%clk 0:09:32]} 15. Bc6
{[%clk 0:08:19]} Rb8 {[%clk 0:09:22]} 16. Qd3 {[%clk 0:05:30]} Bb7
{[%clk 0:08:56]} 17. c4 {[%clk 0:03:59]} Ba6 {[%clk 0:08:37]} 18. Bb5
{[%clk 0:02:34]} Bxb5 {[%clk 0:08:32]} 19. cxb5 {[%clk 0:02:43]} Nbxd5
{[%clk 0:08:31]} 20. Ne2 {[%clk 0:02:52]} Rfe8 {[%clk 0:07:30]} 21. a4
{[%clk 0:02:11]} Nb4 {[%clk 0:06:58]} 22. Qc4 {[%clk 0:01:02]} Rbc8
{[%clk 0:06:34]} 23. Rd2 {[%clk 0:00:20]} d5 {[%clk 0:06:40]} 24. Qh4
{[%clk 0:00:11]} d4 {[%clk 0:06:43]} 0-1

[Event "RAPID Gran Prix 2016"]
[Site "Khanty-Mansiysk"]
[Date "2016.12.02"]
[Round "8.1"]
[White "Anikonov, Dmitry"]
[Black "Riazantsev, Alexander"]
[Result "0-1"]
[LiveChessVersion "1.4.4"]
[BlackElo "2693"]
[WhiteElo "2451"]

1. d4 {[%clk 0:15:10]} Nf6 {[%clk 0:15:17]} 2. Nf3 {[%clk 0:14:58]} e6
{[%clk 0:15:14]} 3. Bf4 {[%clk 0:15:06]} b6 {[%clk 0:15:02]} 4. h3
{[%clk 0:15:04]} Bb7 {[%clk 0:15:10]} 5. e3 {[%clk 0:15:13]} g6 {[%clk 0:14:58]}
6. Bd3 {[%clk 0:14:43]} Bg7 {[%clk 0:15:06]} 7. Nbd2 {[%clk 0:14:26]} O-O
{[%clk 0:15:14]} 8. O-O {[%clk 0:14:23]} d6 {[%clk 0:15:24]} 9. e4
{[%clk 0:13:34]} Nbd7 {[%clk 0:15:33]} 10. Bh2 {[%clk 0:13:03]} Qe7
{[%clk 0:15:29]} 11. Qe2 {[%clk 0:13:03]} a6 {[%clk 0:15:36]} 12. c3
{[%clk 0:12:30]} e5 {[%clk 0:15:44]} 13. dxe5 {[%clk 0:11:34]} dxe5
{[%clk 0:15:46]} 14. Rad1 {[%clk 0:11:32]} Nh5 {[%clk 0:15:51]} 15. Qe3
{[%clk 0:11:04]} Rfe8 {[%clk 0:14:26]} 16. Rfe1 {[%clk 0:11:06]} Qf8
{[%clk 0:14:10]} 17. Bc4 {[%clk 0:09:51]} b5 {[%clk 0:14:19]} 18. Bd5
{[%clk 0:09:42]} c6 {[%clk 0:13:56]} 19. Bb3 {[%clk 0:09:51]} Nc5
{[%clk 0:14:15]} 20. Ng5 {[%clk 0:05:48]} Bh6 {[%clk 0:14:11]} 21. g4
{[%clk 0:05:01]} Nxb3 {[%clk 0:11:59]} 22. Nxb3 {[%clk 0:04:55]} Qe7
{[%clk 0:12:08]} 23. gxh5 {[%clk 0:04:35]} Bxg5 {[%clk 0:12:17]} 24. Qc5 Qe6
{[%clk 0:06:13]} 25. Kg2 {[%clk 0:03:53]} Rad8 {[%clk 0:06:02]} 26. Rxd8
{[%clk 0:03:40]} Bxd8 {[%clk 0:06:10]} 27. Rd1 {[%clk 0:03:46]} Bc8
{[%clk 0:05:55]} 28. Rd3 {[%clk 0:03:44]} Bc7 {[%clk 0:04:46]} 29. Qe3
{[%clk 0:03:36]} Rd8 {[%clk 0:04:11]} 30. Nc5 {[%clk 0:03:01]} Rxd3
{[%clk 0:04:11]} 31. Nxd3 {[%clk 0:02:49]} f6 {[%clk 0:03:52]} 32. hxg6
{[%clk 0:02:50]} hxg6 {[%clk 0:04:02]} 33. Qh6 {[%clk 0:02:37]} Qe8
{[%clk 0:02:40]} 34. f3 {[%clk 0:01:19]} Bd6 {[%clk 0:02:49]} 35. a3
{[%clk 0:01:17]} Bf8 {[%clk 0:02:56]} 36. Qe3 {[%clk 0:01:24]} g5
{[%clk 0:02:59]} 37. Nf2 {[%clk 0:01:12]} c5 {[%clk 0:02:29]} 38. Ng4
{[%clk 0:01:16]} Kf7 {[%clk 0:02:30]} 39. Bg1 {[%clk 0:01:08]} Qd8
{[%clk 0:02:33]} 40. Qe2 {[%clk 0:01:10]} Be6 {[%clk 0:02:40]} 41. Be3
{[%clk 0:01:15]} c4 {[%clk 0:02:05]} 42. h4 {[%clk 0:01:10]} gxh4
{[%clk 0:01:54]} 43. Qf2 {[%clk 0:00:31]} Bxg4 {[%clk 0:02:03]} 44. fxg4
{[%clk 0:00:31]} Qd3 {[%clk 0:02:12]} 45. g5 {[%clk 0:00:31]} Qxe4+
{[%clk 0:02:21]} 46. Kh3 {[%clk 0:00:19]} f5 {[%clk 0:02:30]} 0-1

[Event "RAPID Gran Prix 2016"]
[Site "Khanty-Mansiysk"]
[Date "2016.12.02"]
[Round "8.2"]
[White "Dreev, Aleksey"]
[Black "Sukhareva, Evgeniya"]
[Result "1-0"]
[LiveChessVersion "1.4.4"]
[BlackElo "2306"]
[WhiteElo "2705"]

1. d4 {[%clk 0:15:10]} d5 {[%clk 0:15:10]} 2. c4 {[%clk 0:15:17]} e6
{[%clk 0:15:14]} 3. Nc3 {[%clk 0:15:24]} Nf6 {[%clk 0:15:17]} 4. cxd5
{[%clk 0:15:19]} Nxd5 {[%clk 0:14:50]} 5. e4 {[%clk 0:15:27]} Nxc3
{[%clk 0:14:59]} 6. bxc3 {[%clk 0:15:36]} c5 {[%clk 0:15:07]} 7. Nf3
{[%clk 0:15:39]} cxd4 {[%clk 0:15:15]} 8. cxd4 {[%clk 0:15:49]} Bb4+
{[%clk 0:15:23]} 9. Bd2 {[%clk 0:15:58]} Bxd2+ {[%clk 0:15:31]} 10. Qxd2
{[%clk 0:16:06]} O-O {[%clk 0:15:39]} 11. Rc1 {[%clk 0:16:15]} b6
{[%clk 0:15:46]} 12. Bd3 {[%clk 0:16:04]} Bb7 {[%clk 0:15:53]} 13. O-O
{[%clk 0:15:58]} Nd7 {[%clk 0:16:02]} 14. Qf4 {[%clk 0:15:18]} h6
{[%clk 0:09:32]} 15. e5 {[%clk 0:14:09]} Bd5 {[%clk 0:06:22]} 16. Be4
{[%clk 0:13:09]} Rc8 {[%clk 0:05:26]} 17. Bxd5 {[%clk 0:13:13]} exd5
{[%clk 0:05:35]} 18. Nh4 {[%clk 0:12:21]} Qe7 {[%clk 0:01:23]} 19. Nf5
{[%clk 0:12:04]} Qe6 {[%clk 0:01:29]} 20. Rfe1 {[%clk 0:06:58]} Kh7
{[%clk 0:00:20]} 21. Rxc8 {[%clk 0:06:12]} Rxc8 {[%clk 0:00:29]} 22. Nd6
{[%clk 0:06:20]} Rf8 {[%clk 0:00:35]} 23. Qd2 {[%clk 0:05:58]} f6
{[%clk 0:00:17]} 24. f4 {[%clk 0:05:47]} fxe5 {[%clk 0:00:19]} 25. dxe5
{[%clk 0:05:55]} g6 {[%clk 0:00:12]} 26. Nb5 {[%clk 0:05:47]} Nc5
{[%clk 0:00:13]} 27. Nc7 {[%clk 0:05:05]} Qg4 {[%clk 0:00:14]} 28. Nxd5
{[%clk 0:05:02]} Kg7 {[%clk 0:00:15]} 29. e6 {[%clk 0:04:51]} Nxe6
{[%clk 0:00:11]} 30. Qc3+ {[%clk 0:04:58]} 1-0